01385nam a2200241Ia 4500001001100000003001000011008004100021040002500062041001300087100002000100245006500120250001100185260006400196300001200260500025300272501011400525520025300639650003300892942000700925957000600932999004300938952016200981L840-34130IT-CnALBA170116s9999||||xx |||||||||||||| ||und|| aIT-CnALBAcIT-CnALBA aITALIANO aDAUDET ALPHONSE 0aPORTO TARASCONA. - ULTIME AVVENTURE DELL'ILLUSTRE TARTARIN.  a1a ed. a SESTO S. GIOV., MIbBARION A. EDIT. c1924 [1° Ed.: n.d.] a164 p.  aNOTE BIOBIBLIOGRAFICHE SU ALPHONSE DAUDET, AUTORE. I MONACI BIANCHI. L'ABBAZIA DI PAMPERIGOUSTE. LA GAZZETTA DI PORTO TARASCONA. LA LEGGENDA DELL'ANTICRISTO. IL MEMORIALE. LA COESA DEI TORI. IL SIGNOR PASCALON. DISEGNI NEL TESTO, IN BIANCO E NERO.  aSocietà San Paolo EM - Piazza San Paolo, 14 - 12051 ALBA (CN) (non commercial uses only) ® Copyright 2017 aNOTE BIOBIBLIOGRAFICHE SU ALPHONSE DAUDET, AUTORE. I MONACI BIANCHI. L'ABBAZIA DI PAMPERIGOUSTE. LA GAZZETTA DI PORTO TARASCONA. LA LEGGENDA DELL'ANTICRISTO. IL MEMORIALE. LA COESA DEI TORI. IL SIGNOR PASCALON. DISEGNI NEL TESTO, IN BIANCO E NERO.  aLETTERATURA FRANCESE E ALTRE cBK 71 a38900bSI g Copie: 1 c292964d292964 0010406L_8403413071aALBAbALBAd2017-01-16l0oL840-34130r2017-01-16 00:00:00w2017-01-16yBKz(data import: 16 gennaio 2017) - By Epidotti, Vaglietti.